000 00721nam a2200229 i 4500
001 bg
100 1 _aKOSTKA, Zdzisław
245 1 0 _aPrawo budowlane :
_bkomentarz /
_cZdzisław Kostka.
250 _aStan prawny na dzień 1 stycznia 2004 r.
260 _aGdańsk :
_bOśrodek Doradztwa i Doskonalenia Kadr,
_c2004.
300 _a224 s. ;
_c24 cm.
504 _aWykaz aktów prawnych.
650 9 _aBudownictwo
_xprawo
_zPolska
_ystan na 2004 r.
020 _a8371879474
040 _cBPK
041 0 _apol
080 _a349.442(438)(094.4)
920 _a83-7187-947-4
942 _cKS
008 s pl f |000 0 pol
999 _c44177
_d44177
856 _uhttp://koha.tu.koszalin.pl/cgi-bin/koha/opac-detail.pl?biblionumber=44177
_yKatalog online BPK